Statistics for Fastest Shrinking US Cities

Click here to take the quiz!

General Stats

  • This quiz has been taken 46 times
  • The average score is 16 of 24

Answer Stats

CityState2016 estimate2010 CensusChange% Correct
DetroitMichigan672,795713,777−5.74%
98%
ClevelandOhio385,809396,815−2.77%
95%
BuffaloNew York256,902261,310−1.69%
86%
Baton RougeLouisiana227,715229,493−0.77%
84%
SpringfieldIllinois115,715116,250−0.46%
82%
PittsburghPennsylvania303,625305,704−0.68%
80%
HartfordConnecticut123,243124,775−1.23%
77%
JacksonMississippi169,148173,514−2.52%
77%
BaltimoreMaryland614,664620,961−1.01%
75%
St. LouisMissouri311,404319,294−2.47%
75%
ToledoOhio278,508287,208−3.03%
73%
BirminghamAlabama212,157212,237−0.04%
70%
TopekaKansas126,808127,473−0.52%
66%
AkronOhio197,633199,110−0.74%
64%
MobileAlabama192,904195,111−1.13%
64%
MontgomeryAlabama200,022205,764−2.79%
64%
DaytonOhio140,489141,527−0.73%
59%
RochesterNew York208,880210,565−0.80%
59%
SyracuseNew York143,378145,170−1.23%
59%
ShreveportLouisiana194,920199,311−2.20%
50%
PeoriaIllinois114,265115,007−0.65%
43%
RockfordIllinois147,651152,871−3.41%
41%
HamptonVirginia135,410137,436−1.47%
18%
WaterburyConnecticut108,272110,366−1.90%
18%

Score Distribution

Percentile by Number Answered

Percent of People with Each Score

Your Score History

You have not taken this quiz